Tools of the bear : how any investor can make money when stocks go down

Bibliographic Details
Main Author: Caes, Charles J. (Author)
Format: Book
Language:English
Published: Kuala Lumpur : Golden Books Centre 1993
Subjects:

MARC

LEADER 00000cam a2200000 7i4500
001 0000027392
005 20241118.0
008 170228 my eng
020 |a 9837200510 
040 |a INS   |b eng   |e rda 
090 0 0 |a HG4501   |b C335 1993 
100 1 |a Caes, Charles J. ,   |e author 
245 1 0 |a Tools of the bear :   |b how any investor can make money when stocks go down   |c Charles J. Caes 
264 1 |a Kuala Lumpur :   |b Golden Books Centre   |c 1993 
264 4 |a ©1993 
300 |a xiii, 222 pages ;   |c 22 cm. 
336 |a text  |2 rdacontent 
337 |a unmediated  |2 rdamedia 
338 |a volume  |2 rdacarrier 
500 |a Includes index 
650 0 |a Investment analysis 
650 0 |a Investments   |x Valuation 
650 0 |a Stock exchange 
999 |a 0000024287   |b BOOK   |c Open Shelf   |e Default branch